|
|
|
|
| LEADER |
00000cam a2200000 7i4500 |
| 001 |
0000000598 |
| 005 |
20220105103912.0 |
| 008 |
070702 |
| 020 |
|
|
|a 9833276032(set)
|
| 020 |
|
|
|a 9833276059
|
| 090 |
0 |
0 |
|a JP
|b SC MAL (563)
|
| 100 |
0 |
|
|a Ruiye
|
| 245 |
1 |
0 |
|a Lima senjata si berudu
|c Ruiye
|
| 260 |
|
|
|a Selangor :
|b TSM Publication & Distributor ,
|c 2005
|
| 440 |
|
|
|a Siri sains kanak-kanak
|
| 500 |
|
|
|a Children age 4-6 years old (yellow)
|
| 650 |
|
0 |
|a Science fiction, Malay
|
| 999 |
|
|
|a 0000959493
|b Book
|c Children Collection
|e Perbadanan Perpustakaan Awam Johor
|
| 999 |
|
|
|a 0000959494
|b Book
|c Children Collection
|e Perbadanan Perpustakaan Awam Johor
|
| 999 |
|
|
|a 0000959788
|b Book
|c Children Collection
|e Perbadanan Perpustakaan Awam Johor
|
| 999 |
|
|
|a 0000959789
|b Book
|c Children Collection
|e Perbadanan Perpustakaan Awam Johor
|
| 999 |
|
|
|a 0000989324
|b Book
|c Children Collection
|e Cawangan Segamat
|
| 999 |
|
|
|a 0000989326
|b Book
|c Children Collection
|e Cawangan Pontian
|
| 999 |
|
|
|a 0000989327
|b Book
|c Children Collection
|e Cawangan Tmn. Ungku Tun Aminah
|
| 999 |
|
|
|a 0000989328
|b Book
|c Children Collection
|e Cawangan Bandar Penawar
|
| 999 |
|
|
|a 0001054583
|b Book
|c Children Collection
|e Cawangan Pontian
|
| 999 |
|
|
|a 0001054584
|b Book
|c Adult Collection
|e Cawangan Taman Sri Lambak
|
| 999 |
|
|
|a 000908607
|b Book
|c Children Collection
|e Cawangan Bandar Tenggara
|